Statistics for Every Atari Console

Click here to take the quiz!

General Stats

  • This quiz has been taken 16 times
  • The average score is 5 of 23

Answer Stats

Years SoldConsole% Correct
1977-1997Atari 2600
100%
1982-1997Atari 5200
91%
1993-2005Atari Jaguar
64%
1989-2000Atari Lynx
64%
1986-1997Atari 7800
55%
1991Atari Panther
27%
1981Atari 2700
18%
1979-1993Atari 400
18%
1972-1985Atari Pong
18%
1987-2002Atari XEGS
18%
1979-1991Atari 800
9%
1975-1985Atari Home Pong
9%
1985-1997Atari ST
9%
2021-PresentAtari VCS
9%
1985-1994Atari 130XE
0%
1985-1994Atari 65XE
0%
1978-1981Atari Cosmos
0%
1992-2006Atari Falcon030
0%
2016-2019Atari Flashback Portable Series
0%
2004-2019Atari Flashback Series
0%
1978Atari Game Brain
0%
1991-2003Atari Mega STE
0%
1990-2005Atari TT030
0%

Score Distribution

Percentile by Number Answered

Percent of People with Each Score

Your Score History

You have not taken this quiz